[Event "Portugal Open 2019"]
[Site "Lisbon"]
[Date "2019.02.03"]
[Round "2"]
[White "Hodovsky, Jiri"]
[Black "Godzwon, Iwo"]
[Result "0-1"]
[WhiteElo "2094"]
[BlackElo "2322"]
[Annotator "TA"]
[PlyCount "46"]
[EventDate "2019.01.25"]
[EventType "swiss"]
[EventCountry "POR"]
[SourceTitle "playchess.com"]
[Source "ChessBase"]
[SourceQuality "1"]

{[%evp 17,46,-46,-28,-60,-51,-70,-76,-77,-105,-146,-113,-151,-134,-115,-119,-168,-172,-616,-637,-877,-862,-1150,-1166,-1952,-1284,-1927,-1910,-29990,-29991,-29991,-29992]} 1. Nf3 c5 2. g3 g6 $146 (2... Nc6 3. Bg2 e5 4. e4 g6 5. O-O Bg7 6. d3 Nge7 7. Nbd2 O-O 8. Nc4 d6 {½-½ (27) Vajda,L (2588)-Nagy,G (2470) Slovakia 2017}) ({Predecessor:} 2... Nc6 3. Bg2 g6 4. O-O {0-1 (40) Berend,E (2240)-Karolyi,T (2370) Oakham 1993}) 3. Bg2 Bg7 4. O-O Nc6 5. d3 ({Predecessor:} 5. e4 d6 6. d3 e5 7. Nbd2 Nge7 {0-1 (40) Berend,E (2240)-Karolyi,T (2370) Oakham 1993}) 5... d6 6. Nbd2 e5 7. a4 Nge7 8. e4 O-O 9. Nc4 h6 10. Bd2 {A04: Unusual lines after 1 Nf3 and King's Indian Attack} (10. c3 Be6 11. Nfd2 Qd7 12. a5 f5 13. f4 exf4 14. gxf4 Rad8 15. Qa4 fxe4 16. dxe4 Bh3 17. Ne3 Bxg2 18. Nxg2 d5 19. Qb5 {½-½ (27) Vajda,L (2588)-Nagy,G (2470) Slovakia 2017}) 10... Be6 11. Re1 f5 12. b3 {Black is better.} ({Predecessor:} 12. exf5 gxf5 13. Rb1 Ng6 14. Kh1 Qd7 15. Ng1 d5 16. Na3 Kh7 17. c3 f4 {0-1 (40) Berend,E (2240)-Karolyi,T (2370) Oakham 1993}) 12... Qd7 13. Bc3 Rf7 14. Nfd2 Raf8 15. exf5 Nxf5 16. Ne4 b6 17. g4 $2 (17. a5 d5 18. axb6 dxe4 19. bxa7 Nxa7 20. Nxe5 Bxe5 21. Bxe5) 17... Nh4 $19 18. Nexd6 Rxf2 19. Bxc6 Qxc6 {[%csl Gf2,Gh4][%cal Rc6g2] [#]} 20. Re4 Rg2+ 21. Kh1 Rff2 22. Ne3 Rxh2+ 23. Kg1 Qxd6 0-1

[Event "Portugal Open 2019"]
[Site "Lisbon"]
[Date "2019.02.03"]
[Round "3.1"]
[White "Motylev, Alexander"]
[Black "Carrasco Martinez, Juan M."]
[Result "1-0"]
[WhiteElo "2644"]
[BlackElo "2380"]
[Annotator "TA"]
[PlyCount "117"]
[EventDate "2019.01.25"]
[EventType "swiss"]
[EventCountry "POR"]
[SourceTitle "playchess.com"]
[Source "ChessBase"]
[SourceQuality "1"]

{[%evp 23,117,19,28,15,16,20,21,21,34,6,20,11,27,0,0,-24,-27,-37,0,0,0,0,0,0,0,0,5,0,0,0,0,-7,18,2,8,0,95,92,95,84,103,91,91,93,85,79,89,26,39,0,0,0,0,0,0,0,120,128,135,61,1426,1283,29977,0,221,0,29977,29978,29976,29977,29977,0,2184,0,29977,29978,29978,29979,29979,29980,29981,29981,29981,29979,29982,29980,29981,29981,29981,29982,29982,29983,29983,29983,29983,314]} 1. e4 e6 2. d4 d5 3. e5 c5 4. c3 Nc6 5. Nf3 Qb6 ({Predecessor:} 5... Bd7 6. a3 Nge7 7. Bd3 cxd4 8. cxd4 Qb6 9. Bc2 {½-½ (62) Juarez Flores,G (2188)-Hassan,A (2356) Turin 2006}) 6. a3 Nh6 7. Bd3 cxd4 8. cxd4 Bd7 $146 (8... Nf5 9. Bxf5 exf5 10. Nc3 {½-½ (57) Hracek,Z (2607)-Fridman,D (2596) Germany 2016}) 9. Bc2 Nf5 10. Bxf5 exf5 11. Nc3 Be6 12. O-O Be7 13. Na4 {C02: French: Advance Variation} Qb5 (13... Qd8 14. b4 b6 15. Be3 Rc8 16. Nb2 g5 17. Nd3 f4 18. Bc1 Qd7 19. Bb2 Nd8 20. Re1 Bf5 {½-½ (57) Hracek,Z (2607)-Fridman,D (2596) Germany 2016}) 14. Bg5 h6 15. Bxe7 {The position is equal.} Nxe7 ({Predecessor:} 15... Kxe7 16. Nc5 b6 17. Nxe6 Kxe6 18. Rc1 Rac8 19. b4 Ne7 20. h4 Rxc1 21. Qxc1 {½-½ (62) Juarez Flores,G (2188)-Hassan,A (2356) Turin 2006}) 16. Rc1 Rc8 {And now ...Rxc1 would win.} 17. Rxc8+ Bxc8 18. b4 {[%cal Bb2b4,Bb4b5][%mdl 32]} O-O 19. Qb3 Be6 20. Nc5 Rc8 (20... b6 $5 {[%cal Rb6c5]} 21. Nxe6 fxe6 $11) 21. a4 Qc6 22. b5 Qc7 23. Qa3 Ng6 24. Rc1 Qe7 25. Qb2 b6 26. Nxe6 Qxe6 27. Qd2 f4 28. h3 Qf5 29. Rc6 Ne7 (29... Rxc6 $1 $11 30. bxc6 Qc8) 30. Rxc8+ $16 Qxc8 31. Qxf4 Ng6 32. Qg4 $1 {[%cal Rg4c8]} Qc1+ 33. Kh2 Nf8 34. Nh4 $1 h5 35. Qf3 (35. Qxh5 $6 Qf4+ 36. Kg1 Qc1+ 37. Kh2 Qf4+ 38. Kg1 Qxd4 $11) (35. Qg3 $1 $16) 35... g6 $1 $11 36. Qf6 (36. Qxd5 $2 Qf4+ 37. g3 Qxf2+ 38. Qg2 (38. Ng2 $2 Ne6 $19) 38... Qxd4 $19) 36... Qc2 37. f4 $40 {[%mdl 128] Threatens to win with f5. White attacks.} Qe4 $1 38. Nf3 Ne6 {[%mdl 64] Double Attack} 39. Kg3 Nxd4 (39... Qd3 $11 {remains equal.}) 40. Nxd4 $16 Qxd4 $11 {[%mdl 4096] Endgame [#] KQ-KQ} 41. Kh4 $1 Qe4 $2 {[%mdl 8192] [#]} (41... Qc3 $14) 42. Kg5 $1 $18 {[%cal Rg5h6] Kh6 would kill now.} Kf8 43. Qd8+ $2 (43. Kh6 {mates} Ke8 44. Kg7 Qd4 45. Qxf7+ Kd8 46. Qxa7 h4 47. Kxg6 Qe4+ 48. f5 Qxe5 49. Qxb6+ Kd7 50. Qc6+ Kd8 51. b6) 43... Kg7 44. Qf6+ $2 (44. g4 $18 hxg4 45. Qf6+ (45. hxg4 d4 $11) (45. Kxg4 d4 $11) 45... Kf8 46. Kh6 (46. hxg4 Kg8 $11)) 44... Kf8 $1 45. Kh6 {[%cal Rf6d8]} Ke8 46. Qc6+ Ke7 47. Qf6+ (47. Qd6+ $142 Ke8 48. Kg7 Qd4 49. Qb8+ Kd7 50. Qxa7+ Kc8 51. Qxf7 Qc3 52. Qxd5) 47... Ke8 48. Qc6+ (48. Kg7 $18 Qf5 49. Qc6+ {[%mdl 64] Double Attack} Kd8 50. Qxd5+ Ke8 51. Qc6+ Kd8 52. Qd6+ Kc8 53. Qf8+ {[%mdl 64] Double Attack} Kb7 54. Qxf7+ {[%mdl 64] Double Attack} Kb8 55. e6) 48... Ke7 $1 49. Qc7+ {White mates.} Ke8 50. Qb8+ Ke7 51. Qxa7+ Ke8 52. Qb8+ Ke7 53. Qd6+ Ke8 54. Qc6+ Ke7 55. Qf6+ Ke8 56. Kg7 Qf5 57. Qc6+ Ke7 58. Qd6+ Ke8 59. Qf8+ {Accuracy: White = 59%, Black = 55%.} 1-0

[Event "Portugal Open 2019"]
[Site "Lisbon"]
[Date "2019.02.03"]
[Round "3.2"]
[White "Pastar, Slaven"]
[Black "Iturrizaga Bonelli, Eduardo"]
[Result "0-1"]
[WhiteElo "2330"]
[BlackElo "2640"]
[Annotator "TA"]
[PlyCount "92"]
[EventDate "2019.01.25"]
[EventType "swiss"]
[EventCountry "POR"]
[SourceTitle "playchess.com"]
[Source "ChessBase"]
[SourceQuality "1"]

{[%evp 16,92,47,48,40,40,34,33,52,40,44,36,50,10,8,12,15,0,0,-7,-1,-1,0,0,13,0,0,0,0,-20,-14,-20,-5,-25,-39,-37,-36,-104,-105,-102,-102,-116,-107,-110,-102,-102,-98,-127,-114,-125,-116,-166,-164,-302,-302,-302,-297,-291,-279,-266,-265,-358,-362,-602,-588,-29969,-6209,-29975,-29975,-29978,-29979,-29979,-29980,-29980,-29981,-29982,-29983,-29983,-29982]} 1. d4 $146 ({Predecessor:} 1. c4 e6 2. Nc3 d5 3. d4 Bb4 4. a3 Bxc3+ 5. bxc3 c5 6. e3 Nf6 7. cxd5 Qxd5 8. Nf3 O-O {1-0 (40) Kortschnoj,V (2635)-Luther,T (2550) Ptuj 1995}) 1... Nf6 2. c4 e6 3. Nc3 Bb4 4. a3 Bxc3+ 5. bxc3 c5 6. e3 O-O 7. Bd3 d5 8. cxd5 Qxd5 9. Nf3 b6 {E49: Nimzo-Indian: Rubinstein: 5 Bd3 d5 6 a3 Bxc3+ 7 bxc3} 10. c4 Qh5 11. O-O Nbd7 {White is slightly better.} ({Predecessor:} 11... Bb7 12. Be2 Nbd7 13. Ne5 Qg5 14. Bf3 Bxf3 15. Nxf3 Qf5 16. Qe2 Rac8 17. Bb2 cxd4 18. Nxd4 {1-0 (40) Kortschnoj,V (2635)-Luther,T (2550) Ptuj 1995}) 12. Ne5 (12. a4 {is more complex.} Rd8 13. Be2 Bb7 14. a5 Qg6 15. Bb2) 12... Qxd1 13. Rxd1 cxd4 14. Nxd7 (14. exd4 {feels hotter.} Ba6 15. Nc6 Rfe8 16. a4 e5 17. a5) 14... Bxd7 15. exd4 Ba4 16. Rd2 Rfd8 17. Bb2 Rac8 18. f3 Rc7 19. Rc1 Rdc8 20. Re1 Bb3 21. d5 exd5 22. Bf5 Rd8 23. cxd5 Nxd5 24. Re3 Bc4 25. Re5 g6 26. Bd3 (26. Bc2 $15) 26... Bxd3 ({Avoid the trap} 26... Nf4 $2 27. Bxc4 $1 {[%mdl 512]} Rdc8 28. Re4 $18) 27. Rxd3 Rcd7 28. Re1 f6 29. Red1 Kf7 30. Kf2 b5 31. Rc1 Nb6 32. Rxd7+ Rxd7 $17 {[%mdl 4096] Endgame KRB-KRN} 33. Bc3 Rc7 34. Bd2 (34. Ke2 $142) 34... Rxc1 $19 35. Bxc1 {KB-KN} Nc4 36. Ke2 Ke6 37. Kd3 {[#]} Kd5 $1 38. h3 a5 39. Kc3 $2 {[#]} (39. a4 bxa4 40. Kc3) 39... Nxa3 $1 {[%mdl 512]} 40. Bxa3 b4+ 41. Bxb4 axb4+ {Black mates.} 42. Kxb4 {K3P-K3P} Kd4 43. Kb5 Ke3 44. Kc5 Kf2 45. Kd5 Kxg2 46. Ke6 f5 {Accuracy: White = 32%, Black = 95%.} 0-1

[Event "Portugal Open 2019"]
[Site "Lisbon"]
[Date "2019.02.03"]
[Round "3.3"]
[White "Hansen, Eric"]
[Black "Di Nicolantonio, Lucas"]
[Result "1-0"]
[WhiteElo "2615"]
[BlackElo "2364"]
[Annotator "RC"]
[PlyCount "121"]
[EventDate "2019.01.25"]
[EventType "swiss"]
[EventCountry "POR"]
[SourceTitle "playchess.com"]
[Source "ChessBase"]
[SourceQuality "1"]
[TimeControl "5400+30"]

1. e4 {[%emt 0:14:59]} e5 {[%emt 0:00:00]} 2. Nf3 {[%emt 0:00:07]} Nf6 {[%emt 0:00:00]} 3. Nxe5 {[%emt 0:00:48]} d6 {[%emt 0:00:00]} 4. Nf3 {[%emt 0:00:05]} Nxe4 {[%emt 0:00:07]} 5. d4 {[%emt 0:11:27]} d5 {[%emt 0:00:37]} 6. Bd3 {[%emt 0:00:08]} Bd6 {[%emt 0:00:47]} 7. O-O {[%emt 0:00:09]} O-O {[%emt 0:00:07]} 8. Re1 {[%emt 0:13:17]} Bf5 {[%emt 0:10:43]} 9. Nc3 {[%emt 0:02:43]} Nxc3 {[%emt 0:39:10]} 10. bxc3 {[%emt 0:00:06]} Bxd3 {[%emt 0:00:11]} 11. Qxd3 {[%emt 0:00:09]} h6 {[%emt 0:10:08]} 12. c4 {[%emt 0:04:14]} dxc4 {[%emt 0:00:26]} 13. Qxc4 {[%emt 0:00:07]} Nc6 {[%emt 0:02:07]} 14. Bb2 {[%emt 0:01:20]} Qd7 {[%emt 0:08:27]} 15. Qb3 {[%emt 0:38:13]} Rfe8 {[%emt 0:04:50]} 16. c4 {[%emt 0:00:07]} b6 {[%emt 0:04:10]} 17. Bc3 {[%emt 0:01:07]} Rxe1+ {[%emt 0:01:23]} 18. Rxe1 {[%emt 0:00:08]} Re8 {[%emt 0:00:05]} 19. Rd1 {[%emt 0:00:11]} Bf8 {[%emt 0:10:57]} 20. h3 {[%emt 0:00:37]} Re4 {[%emt 0:04:18]} 21. Kf1 {[%emt 0:02:20]} Re8 {[%emt 0:00:22]} 22. Qc2 {[%emt 0:02:32]} Nb4 {[%emt 0:01:09]} 23. Qb3 {[%emt 0:01:01]} Nc6 {[%emt 0:00:04]} 24. Qa4 {[%emt 0:05:19]} a5 {[%emt 0:00:07]} 25. Qb5 {[%emt 0:00:39]} Nb8 {[%emt 0:00:22]} 26. Qb3 {[%emt 0:00:21]} Nc6 {[%emt 0:00:32]} 27. Qb5 {[%emt 0:00:41]} Nb8 {[%emt 0:00:03]} 28. Qb1 {[%emt 0:00:29]} Qa4 {[%emt 0:01:33]} 29. Qb3 {[%emt 0:00:05]} Qxb3 {[%emt 0:00:35]} 30. axb3 {[%emt 0:00:05]} Nc6 {[%emt 0:00:22]} 31. d5 {[%emt 0:00:56]} Nb4 {[%emt 0:00:15]} 32. Be5 {[%emt 0:00:34]} Na6 {[%emt 0:00:59]} 33. Bh2 {[%emt 0:00:45]} Bc5 {[%emt 0:00:42]} 34. Re1 {[%emt 0:00:35]} Kf8 {[%emt 0:00:19]} 35. Ne5 {[%emt 0:00:24]} Re7 {[%emt 0:00:34]} 36. Nd3 {[%emt 0:00:34]} Rxe1+ {[%emt 0:00:35]} 37. Kxe1 {[%emt 0:00:05]} Ba3 {[%emt 0:00:34]} 38. Kd2 {[%emt 0:00:34]} Ke7 {[%emt 0:00:15]} 39. Be5 {[%emt 0:00:15]} g6 {[%emt 0:00:21]} 40. g4 {[%emt 0:00:09]} Bd6 {[%emt 0:00:16]} 41. Bg7 {[%emt 0:00:36]} h5 {[%emt 0:00:38]} 42. gxh5 {[%emt 0:00:02]} gxh5 {[%emt 0:00:05]} 43. Bd4 {[%emt 0:00:10]} Nb8 {[%emt 0:01:33]} 44. Ke3 {[%emt 0:00:21]} Nd7 {[%emt 0:00:21]} 45. Ke4 {[%emt 0:00:06]} f6 {[%emt 0:00:39]} 46. Kf5 {[%emt 0:00:40]} Kf7 {[%emt 0:00:03]} 47. Be3 {[%emt 0:02:14]} Ne5 {[%emt 0:00:48]} 48. Nxe5+ {[%emt 0:00:05]} Bxe5 {[%emt 0:00:04]} 49. Bf4 {[%emt 0:00:12]} Bxf4 {[%emt 0:01:05]} 50. Kxf4 {[%emt 0:00:05]} Ke7 {[%emt 0:00:10]} 51. Kf5 {[%emt 0:01:12]} Kd6 {[%emt 0:00:24]} 52. Kxf6 {[%emt 0:00:20]} Kc5 {[%emt 0:00:03]} 53. Ke7 {[%emt 0:01:12]} Kb4 {[%emt 0:00:03]} 54. Kd7 {[%emt 0:00:40]} Kxb3 {[%emt 0:00:04]} 55. Kxc7 {[%emt 0:00:06]} a4 {[%emt 0:00:08]} 56. d6 {[%emt 0:00:06]} a3 {[%emt 0:00:04]} 57. d7 {[%emt 0:00:03]} a2 {[%emt 0:00:03]} 58. d8=Q {[%emt 0:00:10]} a1=Q {[%emt 0:00:07]} 59. Qd5 {[%emt 0:01:05]} Qc3 {[%emt 0:02:38]} 60. c5+ {[%emt 0:01:04]} Kc2 {[%emt 0:01:06]} 61. Qf5+ {[%emt 0:00:31]} 1-0

[Event "Portugal Open 2019"]
[Site "Lisbon"]
[Date "2019.02.03"]
[Round "3.4"]
[White "Petrov, Nikita"]
[Black "Rocha, Sergio"]
[Result "1-0"]
[WhiteElo "2585"]
[BlackElo "2354"]
[Annotator "TA"]
[PlyCount "81"]
[EventDate "2019.01.25"]
[EventType "swiss"]
[EventCountry "POR"]
[SourceTitle "playchess.com"]
[Source "ChessBase"]
[SourceQuality "1"]

{[%evp 17,81,29,31,21,31,34,34,16,47,46,72,27,16,25,31,16,26,17,18,0,27,38,66,8,14,12,46,41,42,42,45,62,80,42,63,53,60,63,73,79,113,113,228,228,236,234,353,140,147,0,347,352,341,349,358,353,349,333,346,329,946,420,29991,29992,29993,29993]} 1. e4 {Finkel,A} Nf6 2. e5 Nd5 3. d4 d6 4. Nf3 Bg4 5. Be2 e6 6. O-O Be7 7. c4 Nb6 8. Nc3 O-O 9. exd6 {B05: Alekhine's Defence: 4 Nf3 Bg4} cxd6 {LiveBook: 88 Games} 10. d5 e5 11. b3 {White is slightly better.} N8d7 12. Be3 a6 13. Nd2 $146 ({Predecessor:} 13. Ne1 Bxe2 14. Qxe2 Bg5 15. Nd3 Bxe3 16. Qxe3 Nf6 17. f4 Nbd7 18. fxe5 {1-0 (57) Oll,L (2645)-Zilberman,Y (2560) Kazan 1997 CBM 063 [Finkel,A]}) 13... Bf5 14. f4 exf4 15. Bxf4 Bg6 16. Nde4 Nf6 17. Ng3 Nbd7 18. Bd3 Ne5 19. Bf5 Re8 20. Kh1 ({Better is} 20. Bxe5 $14 dxe5 21. Kh1) 20... Bf8 $11 21. Qd2 Nh5 22. Bxg6 Nxg3+ 23. Bxg3 hxg6 24. Rae1 Rc8 25. Ne4 f6 26. a4 Nf7 27. Nc3 {[%cal Be4c3,Bc3e2,Be2f4,Bf4e6][%mdl 32]} Qd7 28. Ne2 f5 29. Nf4 Ne5 (29... Rxe1 $16 {keeps fighting.} 30. Rxe1 (30. Bxe1 b5 $16) (30. Qxe1 Ne5 $16) 30... Ng5) 30. Ne6 $18 Ng4 31. Qg5 Kh7 {[#]} (31... Qf7 $142 32. Nxf8 Rxe1 33. Rxe1 Kxf8 34. Bxd6+ Kg8) 32. Qh4+ $2 (32. Rxf5 $1 $18 {is the precise move to win.} gxf5 33. Qxf5+ Kg8 34. Qxg4) 32... Kg8 $16 33. Qg5 $2 (33. Bf4 $16) 33... Kh7 $1 $18 34. Rxf5 gxf5 35. Qxf5+ Kg8 {aiming for ...Nh6.} 36. Qxg4 Re7 37. Qg6 {White wants to mate with Ng5.} Rce8 38. Kg1 {Threatens to win with Ng5!} b5 $2 (38... Rf7 39. Ng5 Rxe1+ 40. Bxe1 Qf5 41. Qxf7+ Qxf7 42. Nxf7 Kxf7) 39. h4 (39. Re3 $142 {White threatens Ng5! and mate.} Rf7 {[#]} 40. Ng5 $1 {[%mdl 512]}) 39... bxc4 {[#]} (39... Rf7 $18 40. Ng5 Rxe1+ 41. Bxe1 Qf5 42. Qxf7+ Qxf7 43. Nxf7 bxa4) 40. Ng5 $1 {[%csl Gg5][%cal Rg6h7][%mdl 512]} Rxe1+ 41. Kh2 {Precision: White = 61%, Black = 44%.} 1-0

[Event "Portugal Open 2019"]
[Site "Lisbon"]
[Date "2019.02.03"]
[Round "3.5"]
[White "Fus, Jakub"]
[Black "Bernadskiy, Vitaliy"]
[Result "0-1"]
[WhiteElo "2326"]
[BlackElo "2570"]
[Annotator "TA"]
[PlyCount "76"]
[EventDate "2019.01.25"]
[EventType "swiss"]
[EventCountry "POR"]
[SourceTitle "playchess.com"]
[Source "ChessBase"]
[SourceQuality "1"]

{[%evp 13,76,30,43,36,44,14,45,0,0,3,-8,-26,-61,-54,-34,-64,-49,-66,-58,-56,-45,-71,-63,-26,-47,-56,-54,-51,-15,-21,-15,-79,-37,-170,-179,-168,-125,-406,-213,-205,-221,-247,-247,-227,-231,-386,-206,-229,-242,-306,-177,-305,-182,-187,-145,-130,-130,-152,-152,-152,-145,-181,-93,-5306,-5009]} 1. d4 g6 $146 (1... Nf6 2. c4 g6 3. Nc3 Bg7 4. e4 {½-½ (49) Le,Q (2726)-Naiditsch,A (2712) Danzhou 2017}) ({Predecessor:} 1... Nf6 2. c4 g6 3. Nc3 Bg7 4. e4 {½-½ (39) Prange,S-Richter,O Germany 1991}) 2. e4 Bg7 3. c4 d6 4. Nc3 Nf6 5. Be2 O-O 6. Bg5 c6 (6... Na6 7. Qd2 {½-½ (49) Le,Q (2726)-Naiditsch,A (2712) Danzhou 2017}) ({Predecessor:} 6... Na6 7. Qd2 {½-½ (39) Prange,S-Richter,O Germany 1991}) 7. Qd2 Na6 8. h4 {E73: King's Indian: Averbakh Variation without 6...c5} (8. Rd1 Nc7 9. Bf3 Be6 10. b3 Qc8 11. h3 b5 12. cxb5 cxb5 13. Nge2 b4 14. Na4 Rb8 15. Rc1 Qd8 {½-½ (49) Le,Q (2726)-Naiditsch,A (2712) Danzhou 2017}) 8... h5 9. Nh3 Nc7 10. d5 {White is slightly better.} ({Predecessor:} 10. f3 b5 11. cxb5 cxb5 12. Nxb5 Nxb5 13. Bxb5 Qb6 14. Bc4 Rb8 15. Nf4 e6 {½-½ (39) Prange,S-Richter,O Germany 1991}) 10... cxd5 11. cxd5 b5 {[%cal Bb7b5,Bb5b4][%mdl 32]} 12. a3 a5 13. f3 b4 14. Nd1 Bxh3 15. Rxh3 e6 16. dxe6 ({Don't take} 16. axb4 $6 exd5 17. Rxa5 (17. bxa5 dxe4 18. Nf2 Ne6 $11) 17... dxe4 $11) 16... Nxe6 17. Ne3 Nxg5 18. hxg5 Nd7 19. Nc4 Nc5 {...Nb3 is the strong threat.} 20. Rd1 bxa3 21. bxa3 Rb8 22. Kf2 (22. Nxd6 $11 Be5 23. Nc4 Qxd2+ 24. Kxd2 Bf4+ 25. Ke1) 22... Ne6 23. g3 ({White has to play} 23. f4 $1 $15) 23... Nd4 $19 ({But not} 23... Nxg5 24. Rhh1 $17) ({Much less strong is} 23... Qxg5 24. Qxg5 Nxg5 25. Rhh1 $15) 24. Rhh1 d5 25. exd5 $2 {[%mdl 8192]} (25. e5 $17) 25... Qxd5 (25... Re8 $142 26. Rhe1 Qxd5) 26. Rh4 {[%cal Rh4d4] [#]} Qc5 $1 27. Qe3 {[%cal Rh4d4]} Rfe8 28. Re4 Rxe4 29. Qxe4 $2 (29. fxe4 {only move.} Rb3 30. Bd3) 29... Qxg5 (29... Nb5+ $142 30. Qe3 Bd4 31. Rxd4 Nxd4) 30. Bd3 Ne6 31. Kg2 Rd8 (31... Rb3 $142 {Strongly threatening ...Nc5.} 32. Bf1 Rc3) 32. Be2 (32. f4 $142 Qc5 33. Be2) 32... Nd4 (32... Rxd1 $142 33. Bxd1 Qf6) 33. f4 Qc5 34. Ne5 {intending Bc4.} Bxe5 35. fxe5 Kg7 36. Qf4 {Black must now prevent Qf6+.} Rd7 37. Qf6+ {[#]} Kg8 (37... Kh7 $1 $19 {And now ...Rc7 would win.} 38. Kh3 Qc7) 38. Qf4 $2 {[%mdl 8192]} (38. Kh3 $17) 38... Nxe2 {Accuracy: White = 28%, Black = 66%.} 0-1

[Event "Portugal Open 2019"]
[Site "Lisbon"]
[Date "2019.02.03"]
[Round "3.6"]
[White "Xu, Xiangyu"]
[Black "Pantzar, Milton"]
[Result "1-0"]
[WhiteElo "2565"]
[BlackElo "2331"]
[Annotator "TA"]
[PlyCount "79"]
[EventDate "2019.01.25"]
[EventType "swiss"]
[EventCountry "POR"]
[SourceTitle "playchess.com"]
[Source "ChessBase"]
[SourceQuality "1"]

{[%evp 9,79,28,34,32,33,35,30,29,29,32,33,33,51,14,36,16,42,-22,-22,-137,-133,-131,-133,-244,-263,-226,-237,-255,-255,-237,-221,-196,-190,-228,-170,-149,-62,-63,0,0,0,0,0,0,0,0,9,0,14,0,146,104,350,333,315,254,536,479,448,417,1848,1804,1727,1595,29985,29986,29986,29987,29987,29988,29988,29989]} 1. d4 Nf6 2. c4 b6 3. f3 e6 4. e4 Bb4+ (4... Bb7 5. Nc3 d5 6. cxd5 exd5 7. e5 Nfd7 8. f4 c5 9. Nf3 Be7 10. Be3 O-O 11. Be2 Nc6 12. Nxd5 cxd4 13. Bxd4 Nxd4 14. Nxe7+ Qxe7 15. Qxd4 {½-½ (49) Wojtaszek,R (2736)-Delgado Ramirez,N (2618) Baku 2016}) 5. Nc3 O-O 6. Nge2 {A50: Queen's Fianchetto Defence (1 d4 Nf6 2 c4 b6)} c6 $146 ({Predecessor:} 6... d5 7. e5 Nfd7 8. cxd5 exd5 9. a3 Bxc3+ 10. Nxc3 c5 11. dxc5 d4 12. Qxd4 {1-0 (38) Ivanisevic,I (2555)-Minic,D (2355) Bar 2003}) 7. a3 Be7 8. Be3 {White has an edge.} d5 9. cxd5 cxd5 10. e5 Nfd7 11. g3 Ba6 12. Bh3 Nc6 13. b4 (13. O-O $14) 13... Bc4 $11 14. f4 {[#]} (14. b5 $1 $11 Na5 15. Kf2) 14... b5 $1 $17 15. f5 exf5 16. Nf4 (16. O-O $17 {might work better.}) 16... a5 $19 17. Ncxd5 axb4 18. axb4 Rxa1 19. Qxa1 Nb6 20. Nxe7+ Qxe7 21. Bxf5 Qxb4+ 22. Bd2 {[#]} Qb3 (22... Qe7 $1 $17 {White must now prevent ...Ra8.} 23. Be4 Qd7) 23. Be4 $15 Nd5 ({Black should play} 23... Rc8 $1 $15 24. Kf2 Ra8) 24. Kf2 $1 $11 {And now Rb1 would win.} Nxf4 $1 25. gxf4 Ne7 26. Qc3 Qxc3 27. Bxc3 {Hoping for Bb4.} Nd5 $132 {[%mdl 2048] Black is fighting back} 28. Bd2 f5 29. Bf3 Nb6 (29... Ra8 $1 $11 {keeps the balance.} 30. Rc1 Ra3) 30. Ra1 Na4 $2 (30... Rb8 $16) 31. d5 $18 Rd8 32. Ba5 Rd7 $2 (32... Rxd5 33. Bxd5+ Bxd5) 33. d6 Nc5 34. Bb6 Ne4+ (34... Na4 $142 35. Bc7 Be6) 35. Bxe4 fxe4 36. f5 {Threatens to win with e6.} g6 37. Ra7 {White mates.} Rxa7 38. Bxa7 Kf7 39. d7 Ke7 40. e6 {Accuracy: White = 62%, Black = 42%.} 1-0

[Event "Portugal Open 2019"]
[Site "Lisbon"]
[Date "2019.02.03"]
[Round "3.7"]
[White "Godzwon, Iwo"]
[Black "David, Alberto"]
[Result "0-1"]
[WhiteElo "2322"]
[BlackElo "2560"]
[Annotator "TA"]
[PlyCount "72"]
[EventDate "2019.01.25"]
[EventType "swiss"]
[EventCountry "POR"]
[SourceTitle "playchess.com"]
[Source "ChessBase"]
[SourceQuality "1"]

{[%evp 18,72,37,20,32,0,12,-14,-12,-18,-4,-32,-34,-31,18,18,14,0,32,18,24,24,12,0,14,0,0,0,48,46,69,0,82,87,82,-90,-77,-232,-258,-256,-231,-201,-167,-358,-357,-396,-366,-1400,-1369,-5373,-5197,-5373,-5365,-4942,-4786,-1345,-493]} 1. d4 Nf6 ({Predecessor:} 1... e6 2. c4 c5 3. d5 exd5 4. cxd5 d6 5. Nc3 g6 6. g3 Bg7 7. Bg2 {0-1 (48) Kovtonjuk,N-Arutyunova,D (2168) Dnipropetrovsk 2002}) 2. c4 e6 3. g3 c5 4. d5 d6 $146 (4... exd5 5. cxd5 d6 6. Bg2 g6 {½-½ (63) Kulaots,K (2597)-Schreiner,P (2483) Minsk 2017}) 5. Nc3 exd5 6. cxd5 g6 7. Bg2 Bg7 8. Nf3 O-O 9. O-O Na6 10. e4 Bg4 {A62: Modern Benoni: Fianchetto Variation without early ...Nbd7} (10... Re8 11. Nd2 Nc7 12. a4 b6 13. Re1 Ng4 14. Nf3 Ne5 15. Nxe5 Bxe5 16. Be3 Rb8 17. Qd2 b5 18. f4 Bg7 19. e5 Bf5 {½-½ (63) Kulaots,K (2597)-Schreiner,P (2483) Minsk 2017}) 11. Re1 Nd7 ({Predecessor:} 11... Re8 12. h3 Bxf3 13. Bxf3 Qd7 14. Kh2 b5 15. a4 b4 16. Nb5 Nc7 17. e5 Nxb5 18. exf6 Rxe1 19. Qxe1 {0-1 (48) Kovtonjuk,N-Arutyunova,D (2168) Dnipropetrovsk 2002}) 12. Bf4 Ne5 {The position is equal.} 13. Bxe5 $1 Bxe5 14. Qb3 Bxf3 15. Bxf3 c4 16. Qxc4 Rc8 17. Qb5 Nc5 18. Bg4 Rc7 19. f4 $36 {[%mdl 2048] White has good play.} a6 20. Qe2 Bd4+ 21. Kh1 Re8 22. Bf3 b5 23. Qd2 Bg7 24. Rac1 ({Better is} 24. Nd1 $14) 24... Rce7 (24... b4 $11 {keeps the balance.} 25. Nb1 b3) 25. e5 $16 dxe5 {[#] Threatening ...e4.} 26. Nxb5 $2 {[#]} (26. d6 $1 $16 {Qd5 is the strong threat.} Re6 27. Red1) 26... e4 $1 $17 {[%cal Re4f3]} 27. Bg2 $2 (27. Bg4 $17 {was the only defense.} e3 28. Qe2 Qxd5+ 29. Bf3 Qxa2 30. Rxc5 axb5 31. Rxb5) 27... Nd3 $19 {[%mdl 64] Double Attack} 28. Nc3 Bxc3 ({Don't do} 28... Nxe1 29. Rxe1 f5 30. Bf1 $17) 29. bxc3 Qxd5 {aiming for ...Qc5.} ({But not} 29... Nxe1 30. Rxe1 Qa5 31. Qd4) 30. Re3 $2 (30. Re2) 30... Rb8 31. Rce1 {[%cal Re3e4]} Rb2 32. Qxd3 $2 (32. Rxd3 Rxd2 33. Rxd5 Rxd5 34. Bf1) 32... Qxd3 {Black is clearly winning.} 33. Rxd3 exd3 34. Rxe7 Rb1+ 35. Bf1 d2 36. Rd7 Rxf1+ {Accuracy: White = 21%, Black = 59%.} 0-1